| 000 | 01018nam a22002537a 4500 | ||
|---|---|---|---|
| 999 |
_c6980 _d6980 |
||
| 003 | AR-CdUCM | ||
| 008 | 190319b ||||| |||| 00| 0 spa d | ||
| 040 |
_aMUNICIPALIDAD PROVINCIAL DEL CUSCO _cBIBLIOTECA MUNICIPAL DEL CUSCO |
||
| 041 | _heng | ||
| 082 |
_a709 / _bUN57 |
||
| 110 |
_aUnited Nations Eduational, Scientific and Cultural Organization _919206 |
||
| 245 | _aPinturas egipcias en tumbas y templos / | ||
| 260 |
_aMéxico-Buenos Aires _bEditorial Hermes, _c1964. |
||
| 300 |
_a28 páginas ; _bIlustraciones en color, desplegables _c17 cm. |
||
| 440 |
_aUnesco-Hermes Bolsilibros de Arte _n1 _919684 |
||
| 505 | _aContenido : Necrópolis de Menfis en Sakkarah -- Necrópolis de Menfis en Sakkarah -- Necrópolis de Menfis en Sakkarah -- Tumba de Amenhofis -- Tumba de visir Rekhmiré... | ||
| 650 |
_aArte _9561 |
||
| 650 |
_aHistoria del arte _91647 |
||
| 650 |
_aEgipto _9804 |
||
| 650 |
_aMural _93227 |
||
| 700 |
_aChristane Desroches-Noblecourt _919685 |
||
| 942 |
_2ddc _cLIBROS |
||
| 945 | _admma | ||